| 000 | 00739nam a22002417a 4500 | ||
|---|---|---|---|
| 005 | 20240209085308.0 | ||
| 008 | 191212b xxu||||| |||| 00| 0 eng d | ||
| 020 |
_a9788184575989 _cRs.650.00 |
||
| 040 |
_aLoreto College _bEng |
||
| 041 | _aEnglish | ||
| 082 |
_a371.9 _bMEN |
||
| 100 | _aMenon, Latika | ||
| 245 |
_aInclusive and integrated approaches to special education _cLatika Menon |
||
| 260 |
_aNew delhi _bKanishka Publishers _c2014 |
||
| 300 |
_a216 p. _b24 cm. |
||
| 500 | _aU.G.C - M.R.P 2017-19(Dr.Ranjita Dawn) | ||
| 504 | _aIncludes bibliographical references and index | ||
| 650 | _aMainstreaming in education | ||
| 650 | _aSpecial education | ||
| 650 | _aInclusive education | ||
| 850 | _aLCLIB | ||
| 942 | _cBK | ||
| 999 |
_c42530 _d93009 |
||